Composite structures of steel and concrete (Record no. 546866)

000 -LEADER
fixed length control field 00822cam a2200229Ia 4500
020 ## - INTERNATIONAL STANDARD BOOK NUMBER
International Standard Book Number 1405168390 (electronic)
020 ## - INTERNATIONAL STANDARD BOOK NUMBER
International Standard Book Number 9781405168397 (electronic)
082 04 - DEWEY DECIMAL CLASSIFICATION NUMBER
Classification number 624.1821
Author Mark JOH
-- L-01, P-111.
100 1# - MAIN ENTRY--PERSONAL NAME
Personal name Johnson, R. P.
9 (RLIN) 42960
245 10 - TITLE STATEMENT
Title Composite structures of steel and concrete
Remainder of title beams, slabs, columns, and frames for buildings /
Statement of responsibility, etc. R.P. Johnson.
250 ## - EDITION STATEMENT
Edition statement 3rd ed.
260 ## - PUBLICATION, DISTRIBUTION, ETC.
Place of publication, distribution, etc. Malden, MA :
Name of publisher, distributor, etc. Blackwell Pub.,
Date of publication, distribution, etc. c2004.
300 ## - PHYSICAL DESCRIPTION
Extent xviii, 230 p. :
Other physical details ill. : digital, HTML and PDF files.
526 ## - STUDY PROGRAM INFORMATION NOTE
Program name 0
Interest level 0
Reading level 0
Title point value 624_182100000000000_JOH
650 #0 - SUBJECT ADDED ENTRY--TOPICAL TERM
Topical term or geographic name entry element Building, Iron and steel.
650 #0 - SUBJECT ADDED ENTRY--TOPICAL TERM
Topical term or geographic name entry element Composite construction.
650 #0 - SUBJECT ADDED ENTRY--TOPICAL TERM
Topical term or geographic name entry element Concrete construction.
650 #0 - SUBJECT ADDED ENTRY--TOPICAL TERM
Topical term or geographic name entry element MCE
9 (RLIN) 379
710 2# - ADDED ENTRY--CORPORATE NAME
Corporate name or jurisdiction name as entry element Knovel (Firm)
9 (RLIN) 40981
856 40 - ELECTRONIC LOCATION AND ACCESS
Uniform Resource Identifier <a href="http://www.columbia.edu/cgi-bin/cul/resolve?clio6985673">http://www.columbia.edu/cgi-bin/cul/resolve?clio6985673</a>
942 ## - ADDED ENTRY ELEMENTS (KOHA)
Source of classification or shelving scheme
Koha item type Book
Holdings
Withdrawn status Lost status Source of classification or shelving scheme Damaged status Not for loan Permanent Location Current Location Date acquired Total Checkouts Full call number Barcode Date last seen Price effective from Koha item type
          Military College of Engineering (MCE) Military College of Engineering (MCE) 06/20/2014   624.1821 JOH MCE-37282 06/20/2014 06/20/2014 Book
© 2023 Central Library, National University of Sciences and Technology. All Rights Reserved.